000 00674nam a22002177a 4500
003 UA-OsUOA
001 41490
007 ta
008 20080917b un ||||| |||| 00| 0 ukr d
090 _a264.1
_bА87
942 _cBK
040 _aUA-OsUOA
_bukr
_cUA-OsUOA
_dUA-OsUOA
245 _aАрхиєрейська літургія й архиєрейська візитація.
300 _a80 с.
955 _a4
041 _aukr
080 _a264.1
260 _aВінніпег
_b"Української греко-православної церкви в Канаді"
_c1954
650 7 _a26 Християнська Церква загалом
_2UDC
999 _c439985
_d439985